| 000 | 00935nam a22001817a 4500 | ||
|---|---|---|---|
| 999 |
_c59919 _d59919 |
||
| 003 | Ge_BSU | ||
| 005 | 20230510150055.0 | ||
| 008 | 230510s1990 ge ||||| |||| 00| 0 geo d | ||
| 041 | _ageo | ||
| 080 | _a908(479.222.12) ფ-95 | ||
| 100 |
_aფრუიძე, ლ. _94194 |
||
| 245 |
_aიქ, სადაც იბადება რიონი : _b(რაჭის ხსნა დღეს შეიძლება, ხვალ გვიან იქნება) / _cლევან ფრუიძე ; საქ. სსრ მეცნ. აკად., საქ. მთიანეთის კომპლექსური შესწავლის კომისია. |
||
| 264 |
_aთბილისი : _bმეცნიერება, _c1990. |
||
| 300 |
_a119 გვ. ; _b21 სმ. |
||
| 653 | _a რაჭა | ||
| 653 | _aქართველების ეთნოგრაფია | ||
| 942 |
_2udc _cBK |
||